000 02197nam0a2200373 i 4500
001 RU\NLR\BIBL_A\010696049
005 20260408084614.0
010 _a9785794424195
_960
021 _aRU
_b15-2211
035 _a(NILC)RuMoRGB-007854318
035 _a(NLR Aleph) 010696049
090 _a9704001
_c9704001
100 _a20150312d2014 m y0rusy50 ca
101 0 _arus
102 _aRU
105 _ay|||z|||000yy
200 1 _aКонцепция "событийных городов" (eventful cities) Р. Палмера и Г. Ричардса
_eаналитический обзор
_fМ-во образования и науки Российской Федерации, Федеральное гос. бюджетное образовательное учреждение высш. проф. образования "Пермский гос. нац. исслед. ун-т", Фонд поддержки культурных проектов "Новая коллекция", ООО Учеб. центр "Информатика"
_g[сост.: А. А. Гончарик и др.]
210 _aПермь
_cПермский государственный национальный исследовательский университет
_d2014
215 _a137 с.
_cтабл.
_d21
320 _aБиблиогр.: с. 137 (13 назв.)
500 1 0 _6z22702
_aСобытийные города: культурный менеджмент и городская ревитализация
606 _aГорода
_xСоциокультурные исследования
_92327278
_3RU\NLR\AUTH\661391932
686 1 _aС550.661
686 1 _aС550.2
702 1 _6z22
_aПалмер
_bР.
_gРоберт
_4570
702 1 _6z22
_6z22500
_aРичардс
_bГ.
_gГрег
_4570
702 1 _aГончарик
_bА. А.
_gАлексей Александрович
_4220
712 0 2 _4570
_aПермский государственный национальный исследовательский университет
_3RU\NLR\AUTH\8810198282
_9285379
801 0 _aRU
_bРГБ
_c20150127
_gRCR
942 _cBOOK
980 _aNBR